| 000 | 00505nam a2200145 4500 | ||
|---|---|---|---|
| 999 |
_c4164 _d234668 |
||
| 022 | _a23140186 | ||
| 080 | _a342.4 P 387 | ||
| 245 | _aPensar en Derecho | ||
| 260 |
_aBuenos Aires _bEudeba _c2015 |
||
| 300 | _a335 P. | ||
| 362 | _aNª 6- Año 4 | ||
| 650 |
_2IEDCYT _aderecho constitucional _xderechos humanos _xderecho internacional _xderecho laboral _xbioetica _xderecho penal _xproteccion vivienda familiar _xuniones convivenciales _xreproduccion humana asistida |
||
| 942 | _cPP | ||
| 945 |
_acd _d2015-09-17 |
||